=LDR 00000nam 2200000 4500 =001 INLIS000000000024675 =005 20130612123239 =008 ***********************************Ind** =035 ##$$0010-061300000024675 =041 ##$$a Ind =082 ##$$a 320 =090 ##$$a 320, Har i =100 ##$$a Haricahyono, Cheppy =245 ##$$a Ilmu politik dan perspektifnya, Cheppy Haricahyono =260 ##$$a 1986 $b Yogyakarta =300 ##$$a xii, 215 hlm, 21 cm =650 ##$$a Politik =850 ##$$a NBPNMAT